Geography Quiz

Random Geography or World Quiz

6 to 1: Topography Quiz Stats

 Plays Quiz Updated Dec 1, 2018

Support Sporcle.
Go Orange.
Score 0/21 Timer 03:00
0 Plays Today
Answer % Correct
Nile (6,853 km)
95.6%
Mount Everest (8,848 m)
95.2%
Sahara (9,065,000 km²)
94.5%
Amazon (6,960 km)
91.5%
Lake Superior (82,414 km²)
83.9%
K2 (8,611 m)
82%
Greenland (2,175,600 km²)
80.8%
Lake Victoria (69,485 km²)
78%
Mississippi-Missouri (6,275 km)
73.2%
Lake Michigan (57,800 km²)
72.7%
Lake Huron (59,596 km²)
64.1%
Answer % Correct
Angel Falls (979 m)
58.8%
Caspian Sea (371,000 km²)
53.1%
Yangtze (6,300 km)
50.6%
Antarctic Polar Desert (14,245,000 km²)
45.1%
New Guinea (785,750 km²)
25.6%
Lake Tanganyika (12,600 km²)
23.5%
Arctic Polar Desert (13,986,000 km²)
21.6%
Kangchenjunga (8,586 m)
7.6%
Yenisei-Angara (5,539 km)
6.7%
Lhotse (8,516 m)
6.6%

From the Vault

Movies by Pez Dispenser

by WillieG

Movies 4m
Pez is definitely the second-worst movie theater candy, following only Raisinets.
Remove Ads.
Support Sporcle.
Get the best of Sporcle when you Go Orange. This ad-free experience offers more features, more stats, and more fun while also helping to support Sporcle. Thank you for becoming a member.

Show Comments

Extras

Top Quizzes Today


Score Distribution

Your Account Isn't Verified!

In order to create a playlist on Sporcle, you need to verify the email address you used during registration. Go to your Sporcle Settings to finish the process.

Report this User

Report this user for behavior that violates our Community Guidelines.

Details: